000 00517nam a22001937a 4500
003 KOHA_MİRAKIL
005 20251224130549.0
008 251224b tu ||||| |||| 00| 0 tur d
020 _a9786051961125
040 _aTR-AnABB
_btur
_cTR-AnABB
041 _atur
082 _a306.4
_bKUL 2020
100 1 _aDoğan, Necmettin,
245 1 0 _aKültür sosyolojisi /
260 _aİstanbul :
_bÇizgi Kitabevi Yayınları,
_c2020
300 _a296 sayfa ;
_c24 cm
650 0 4 _aSosyoloji
942 _2ddc
_cBK
999 _c9916
_d9916
900 _bGizem YORULMAZ